Biggest Cities in South Africa - Statistics

General Stats
  • This quiz has been taken 224 times
  • The average score is 8 of 20
Answer Stats
# City Population % Correct
2. Cape Town 3,430,992
99%
1. Johannesburg 7,860,781
99%
4. Pretoria 1,763,336
95%
3. Durban 2,786,046
94%
9. Bloemfontein 464,591
90%
5. Port Elizabeth 876,436
83%
13. East London 295,644
55%
8. Pietermaritzburg 475,238
30%
17. Kimberley 225,155
28%
16. Polokwane 227,407
22%
19. Paarl 197,735
19%
14. Newcastle 291,484
15%
11. Rustenburg 311,901
15%
18. Welkom 211,014
14%
10. Vereeniging 377,922
12%
20. Klerksdorp 189,496
5%
6. Soshanguve 728,063
4%
7. Evaton 605,504
2%
15. Uitenhage 242,924
2%
12. Witbank 311,657
2%
No matching quizzes found
Score Distribution
Percent of People with Each Score
Percentile by Number Answered
Your Score History
You have not taken this quiz